000 00528cam a2200205 i 4500
001 821825
005 20180224073358.0
008 760429s1975 caua b 001 0 eng
010 _a 76360445
040 _aDLC
_cDLC
_dDLC
041 _aeng
080 _a636.808
082 0 0 _a636.808 COT
100 1 _a5
101 _aKIR
245 1 0 _aFeline medicine & surgery /
_cedited by E. J. Catcott.
504 _aIncludes bibliographies and index.
906 _a7
_bcbc
_corignew
_d2
_encip
_f19
_gy-gencatlg
942 _2ddc
_cBK
999 _c43375
_d43375